| 000 | 01295cam a22003855a 4500 | ||
|---|---|---|---|
| 999 |
_c22056 _d22028 |
||
| 001 | 016601944 | ||
| 003 | EG-ScBUE | ||
| 005 | 20200203112028.0 | ||
| 008 | 160201t2014 enka f d 001 0 eng d | ||
| 020 | _a9781292042121 | ||
| 040 |
_aStDuBDS _beng _erda _cStDuBDS _dEG-ScBUE |
||
| 082 | 0 | 4 |
_a808.53 _bRYB _222 |
| 100 | 1 |
_aRybacki, Karyn C. _q(Karyn Charles), _d1947- _eauthor. _940505 |
|
| 245 | 1 | 0 |
_aAdvocacy and opposition : _ban introduction to argumentation / _cKaryn C. Rybacki, Donald J. Rybacki. |
| 250 | _aSeventh edition. | ||
| 250 | _aPearson new international edition. | ||
| 264 | 1 |
_aHarlow : _bPearson Education Limited, _c[2014] |
|
| 264 | 4 | _cc2014 | |
| 300 |
_aii, 262 pages : _billustrations ; _c28 cm. |
||
| 336 |
_2rdacontent _atext _btxt |
||
| 337 |
_2rdamedia _aunmediated _bn |
||
| 338 |
_2rdacarrier _avolume _bnc |
||
| 490 | 0 | _aAlways learning | |
| 500 | _aIncludes glossary. | ||
| 500 | _aIncludes index. | ||
| 650 | 7 |
_aPersuasion (Rhetoric) _2BUEsh _924405 |
|
| 650 | 7 |
_aDebates and debating. _2BUEsh _924364 |
|
| 650 | 7 |
_aProposition (Logic) _2BUEsh _940508 |
|
| 650 | 7 |
_aReasoning. _2BUEsh _913976 |
|
| 651 | _2BUEsh | ||
| 653 |
_bLLAAWW _cJuly2016 |
||
| 655 | _vReading book | ||
| 700 | 1 |
_aRybacki, Donald J. _q(Donald Jay), _d1945- _eauthor. |
|
| 942 |
_2ddc _cBB |
||